000 02433nam a22002777a 4500
999 _c58636
_d58636
003 Ge_BSU
005 20220621121423.0
008 220621s2021 ge ||||| |||| 00| 0 geo d
020 _a9789941313561
041 _ageo
080 _a327(09) კ-55
100 _aკისინჯერი, ჰენრი
_912384
245 _aდიპლომატია :
_b [საერთაშორისო ურთიერთობების ისტორია] /
_c ჰენრი კისინჯერი ; ინგლისურიდან თარგმნა გიორგი ბადრიძემ ; პროექტის ავტორი ნინო გოგუაძე ; რედაქტორები: ნატო გორდელაძე, სოფო კობიაშვილი ; გარეკანის დიზაინერი თეონა ჭანიშვილი.
264 _aთბილისი :
_bინტელექტი,
_c2021.
300 _a1184 გვ. ;
_b24 სმ.
500 _aეძღვნება აშშ-ის დიპლომატიური სამსახურის თანამშრომლებს, რომელთა პროფესიონალიზმი და ერთგულება ასულდგმულებს ამერიკულ დიპლომატიას. დაფინანსებულია საქართველოში აშშ-ის საელჩოს წიგნების თარგმნის პროგრამის ფარგლებში.
501 _aშენიშვნები: გვ. 1105-1160. საძიებელი: გვ. 1161-1183.
653 _aდიპლომატია.
653 _aსაერთაშორისო ურთიერთობები
700 _aბადრიძე, გიორგი
_eმთარგმნელი
_914163
700 _aგოგუაძე, ნინო
_eპროექტის ავტორი.
_914164
700 _aგორდელაძე, ნატო
_eრედაქტორი
_914165
700 _aკობიაშვილი, სოფო
_eრედაქტორი.
_912385
700 _aჭანიშვილი, თეონა
_eგარეკანის დიზაინერი
_96381
942 _2udc
_cBK